Ekstraklasa tabela 2024/25 - Statystyki

Ogólne statystyki
  • Ten quiz został rozwiązany 631 razy
    94 od ostatniego zresetowania
  • Średni wynik to 15 z 18
Statystyki odpowiedzi
Miejsce w tabeli Liczba punktów Klub % Poprawnych
5 54 Legia Warszawa
100%
1 70 Lech Poznań
99%
3 61 Jagiellonia Białystok
94%
2 69 Raków Częstochowa
93%
15 36 Zagłębie Lubin
91%
9 47 Górnik Zabrze
90%
4 58 Pogoń Szczecin
90%
6 51 Cracovia
87%
14 37 Lechia Gdańsk
87%
17 30 Śląsk Wrocław
87%
10 45 Piast Gliwice
84%
7 49 Motor Lublin
82%
13 40 Widzew Łódź
82%
11 45 Korona Kielce
79%
12 41 Radomiak Radom
77%
8 49 GKS Katowice
76%
18 28 Puszcza Niepołomice
71%
16 31 Stal Mielec
71%
Nie znaleziono quizów pasujących do podanych kryteriów
Rozkład punktacji
Procent ludzi z każdym wynikiem
Percentyl według liczby udzielonych odpowiedzi
Twoja historia wyników
Nie rozwiązałeś tego quizu od ostatniego zresetowania